A text book of sound (Record no. 164993)
[ view plain ]
| 000 -LEADER | |
|---|---|
| fixed length control field | 00314nam a2200133Ia 4500 |
| 008 - FIXED-LENGTH DATA ELEMENTS--GENERAL INFORMATION | |
| fixed length control field | 231217s9999 xx 000 0 und d |
| 041 ## - LANGUAGE CODE | |
| Language code of text/sound track or separate title | English |
| 082 ## - DEWEY DECIMAL CLASSIFICATION NUMBER | |
| Classification number | 530 SAI;2 R1 |
| 100 ## - MAIN ENTRY--PERSONAL NAME | |
| Personal name | Saihgal, R L |
| 245 #2 - TITLE STATEMENT | |
| Title | A text book of sound |
| 260 ## - PUBLICATION, DISTRIBUTION, ETC. | |
| Date of publication, distribution, etc. | 1967 |
| Name of publisher, distributor, etc. | New Delhi : S. Chand, |
| 300 ## - PHYSICAL DESCRIPTION | |
| Extent | 274 |
| 942 ## - ADDED ENTRY ELEMENTS (KOHA) | |
| Koha item type | Books |
| Date last seen | Total checkouts | Full call number | Accession number | Price effective from | Category | Public note | Lost status | Damaged status | Department | Withdrawn status | Home library | Current library | Entry date | Grants | Billdate | Currency symbol | Conversion rate | Discount | Old discount |
|---|---|---|---|---|---|---|---|---|---|---|---|---|---|---|---|---|---|---|---|
| 26/01/2024 | 530 SAI;2 R1 | 10158 | 26/01/2024 | Books | Gratis | Central Library | Central Library | Central Library | 30/09/1997 | PHY | 18/02/2000 | RS | 1 | 15 |
